000 01018nam0a22002891 4500
001 v19\rc\1888878
005 20260406105146.0
035 _a(NLR Aleph) 005260801
090 _a5899739
_c5899739
100 _a20080221d1910 |||y0rusy50 ca
101 1 _arus
_cfre
102 _aRU
105 _ay z |||||
200 1 _aМания величия
_e(Первый успех)
_eШутка в 1 д. Рубенса Чинарова
_e(С фр.)
210 _aМосква
_cС.Ф. Рассохин
_dценз. 1910
215 _a11 с.
_d26
309 _aНапеч. на пиш. маш. Литогр.
532 1 3 _aМания величия
700 1 _8rus
_7ca
_aЧинаров
_bР. З.
_f1869-1943
_gРубенс Зармайрович
_3RU\NLR\AUTH\77100336
_983262
801 0 _aRU
_bNLR
_c20080221
_gpsbo
801 0 _aRU
_bRuMoRGB
_c20080221
_2psbo
801 1 _aRU
_bProSoft-M
_c20080221
_2rusmarc
801 2 _aRU
_bNLR
_c20110816
_2rusmarc
852 _aNLR
_j18.337.3.397
942 _cBOOK
980 _aNB